| 000 | 00639nam a22002172 4500 | ||
|---|---|---|---|
| 001 | 0000003306 | ||
| 005 | 20151217145733.0 | ||
| 008 | 070503s xx 000 0 eng d | ||
| 020 | _a0814755534 : | ||
| 040 |
_aKABU _cKABU |
||
| 050 | 0 |
_aHT1521 _b.M35 |
|
| 100 | 1 |
_aMalik, Kenan. _@0000153100 |
|
| 245 | 1 | 4 |
_aThe meaning of race : _brace, history and cultrure in Western society. |
| 260 |
_aNew York : _bNew York University Press, _c1996. |
||
| 300 | _avii, 323 p. | ||
| 650 | 0 |
_aRace. _@0000153101 |
|
| 650 | 0 |
_aRace relations. _@0000153102 |
|
| 908 | _a070503 | ||
| 950 | _@1 | ||
| 999 |
_c2095 _d2095 |
||